|
|
|
|
| LEADER |
01597nam a22002657a 4500 |
| 001 |
29647 |
| 003 |
BD-DhAAL |
| 005 |
20241118103644.0 |
| 008 |
150902s1984 bg a|||| |||| 00| 0 eng d |
| 040 |
|
|
|a BD-DhAAL
|c BD-DhAAL
|
| 082 |
|
|
|2 22
|a 307.1412095492
|
| 245 |
|
|
|a Report on management development workshop,
|f November 5 to 18, 1984.
|
| 264 |
|
|
|a Dhaka :
|b BRAC,
|c 1984.
|
| 300 |
|
|
|a 83 pages :
|b illustrations ;
|c 34 cm.
|
| 541 |
|
|
|a Complimentary copy from BRAC
|e 29647
|
| 610 |
|
|
|a BRAC
|9 14374
|
| 650 |
|
|
|a Rural development
|z Bangladesh.
|9 14375
|
| 710 |
|
|
|a BRAC
|9 14374
|
| 852 |
|
|
|a Ayesha Abed Library
|c BRAC Resource Section
|
| 942 |
|
|
|2 ddc
|c BK
|
| 999 |
|
|
|c 35418
|d 35418
|
| 952 |
|
|
|0 0
|1 0
|2 ddc
|4 0
|6 307_141209549200000_REP
|7 1
|8 RPT
|9 55698
|a BRACUL
|b BRACUL
|c BRS
|d 2015-09-02
|e BRAC
|l 1
|o 307.1412095492 REP
|p 3010029647
|r 2025-12-30
|s 2025-03-23
|t 1
|w 2015-09-02
|y BK
|x BRAC
|
| 952 |
|
|
|0 0
|1 0
|2 ddc
|4 0
|6 307_141209549200000_REP
|7 1
|8 RPT
|9 55699
|a BRACUL
|b BRACUL
|c BRS
|d 2015-09-02
|e BRAC
|l 1
|o 307.1412095492 REP
|p 3010029648
|r 2025-12-30
|s 2025-03-23
|t 2
|w 2015-09-02
|y BK
|x BRAC
|
| 952 |
|
|
|0 0
|1 0
|2 ddc
|4 0
|6 307_141209549200000_REP
|7 1
|8 RPT
|9 56989
|a BRACUL
|b BRACUL
|c BRS
|d 2015-11-19
|e Complimentary copy from BRAC
|l 1
|o 307.1412095492 REP
|p 3010030545
|r 2025-12-30
|s 2025-03-23
|t 3
|w 2015-11-19
|y BK
|x Complimentary copy from BRAC; Price not available in register.
|
| 952 |
|
|
|0 0
|1 0
|2 ddc
|4 0
|6 307_141209549200000_REP
|7 1
|8 RPT
|9 57458
|a BRACUL
|b BRACUL
|c BRS
|d 2015-12-31
|e Complimentary copy from BRAC
|l 1
|o 307.1412095492 REP
|p 3010030609
|r 2025-12-30
|s 2025-03-23
|t 4
|w 2015-12-31
|y BK
|x Complimentary copy from BRAC; Price not available in register.
|